000 00401nam a22001697a 4500
020 _a9789364876476
082 _aM301
_bKAV/O
100 _aKavya Ayyappan
245 _aOravakkuthy/
_cby Kavya Ayyappan
250 _a3rd ed.
260 _aKottayam:
_bDC books,
_c2025.
300 _a125p.
650 _aStories Malayalam
650 _aLiterature Malayalam
650 _aLiterature
942 _cBK
999 _c181891
_d181891